Lze si v některém z českých měst představit doručování zásilek drony či autonomními vozíky? autonomní vozíky by doplnily bezemisní model

Aký majú tieto technológie prínos? Jednoznačne znižovanie uhlíkovej stopy a zlepšovanie zákazníckej skúsenosti. Drony sú potencionálne nebezpečné, lebo pri ich defekte a páde sú následky ničivé. Autonomné vozíky môžeme využiť v oblastiach s hustou premávkou, alebo v rozsiahlych komplexoch, kde kurié...

Ausführliche Beschreibung

Gespeichert in:
Bibliographische Detailangaben
1. Verfasser: Janckulík, Ladislav
Format: Buchkapitel
Sprache:Tschechisch
Schlagworte:
Tags: Tag hinzufügen
Keine Tags, Fügen Sie das erste Tag hinzu!

MARC

LEADER 00000naa a2200000 4500
001 0269180
005 20251204130735.5
041 0 |a cze 
044 |a CZ 
245 1 0 |a Lze si v některém z českých měst představit doručování zásilek drony či autonomními vozíky?  |b autonomní vozíky by doplnily bezemisní model  |c Ladislav Janckulík 
520 |a Aký majú tieto technológie prínos? Jednoznačne znižovanie uhlíkovej stopy a zlepšovanie zákazníckej skúsenosti. Drony sú potencionálne nebezpečné, lebo pri ich defekte a páde sú následky ničivé. Autonomné vozíky môžeme využiť v oblastiach s hustou premávkou, alebo v rozsiahlych komplexoch, kde kuriér strávi veľa času chôdzou. 
610 2 0 |a logistika 
610 2 0 |a drony 
610 2 0 |a elektronika 
610 2 0 |a automatizácia 
610 2 0 |a automobily 
610 2 0 |a zasielateľstvo 
610 2 0 |a ochrana prostredia životného 
610 2 0 |a ekológia 
100 1 |a Janckulík, Ladislav